Countries with the Most Holidays 2025 - Statistics

General Stats
  • This quiz has been taken 11 times
  • The average score is 9 of 18
Answer Stats
# Countries % Correct
22 Bangladesh
75%
21 Cambodia
75%
42 India
75%
26 Iran
75%
18-24 Malaysia
75%
18 Philippines
75%
35 Nepal
63%
25 Sri Lanka
63%
13-18 Austria
50%
26 Myanmar
50%
16-19 Argentina
38%
20 Chile
38%
18 Colombia
38%
18 East Timor
38%
19 Lebanon
25%
23 Fiji
13%
22 Liechtenstein
13%
18 Trinidad and Tobago
13%
No matching quizzes found
Score Distribution
Percent of People with Each Score
Percentile by Number Answered
Your Score History
You have not taken this quiz